Barcelona office market (Record no. 117672)

MARC details
000 -LEADER
fixed length control field 01346cam a2200265 4500
001 - CONTROL NUMBER
control field WB@3612-170
008 - FIXED-LENGTH DATA ELEMENTS--GENERAL INFORMATION
fixed length control field 040708n2004 000 0 eng u
035 ## - SYSTEM CONTROL NUMBER
System control number (Sirsi) u126740
245 ## - TITLE STATEMENT
Title Barcelona office market
260 ## - PUBLICATION, DISTRIBUTION, ETC.
Date of publication, distribution, etc. 2004
490 ## - SERIES STATEMENT
Series statement FPD Savills Research
Volume/sequential designation June 2004 (1)
520 ## - SUMMARY, ETC.
Summary, etc. Key findings of FPD Savills latest report on the Barcelona office market reveal that increasing tenant demand from the end of last year is steady through the first five months of 2004 and the upward trend is expected to continue over the year. However the overall vacancy rate at the end of 2003 grew to approximately 7.5%, as demand has not been strong enough to keep up with the pace of the development completions. Some out-of-town locations have vacancy rates of 20%. The investment market is being driven by redevelopment opportunities, especially office conversions to residential and hotels. "Barcelona office market" is available to download at http://www.fpdsavills.co.uk/research.asp.
590 ## - LOCAL NOTE (RLIN)
Local note WB
590 ## - LOCAL NOTE (RLIN)
Local note WB
650 ## - SUBJECT ADDED ENTRY--TOPICAL TERM
Topical term or geographic name entry element BARCELONA
650 ## - SUBJECT ADDED ENTRY--TOPICAL TERM
Topical term or geographic name entry element OFFICE MARKET
650 ## - SUBJECT ADDED ENTRY--TOPICAL TERM
Topical term or geographic name entry element TENANT DEMAND
650 ## - SUBJECT ADDED ENTRY--TOPICAL TERM
Topical term or geographic name entry element OFFICE VACANCY RATES
650 ## - SUBJECT ADDED ENTRY--TOPICAL TERM
Topical term or geographic name entry element OUT-OF-TOWN DEVELOPMENTS
650 ## - SUBJECT ADDED ENTRY--TOPICAL TERM
Topical term or geographic name entry element INVESTMENT MARKET
650 ## - SUBJECT ADDED ENTRY--TOPICAL TERM
Topical term or geographic name entry element HOTELS
650 ## - SUBJECT ADDED ENTRY--TOPICAL TERM
Topical term or geographic name entry element OFFICE CONVERSIONS
690 ## - LOCAL SUBJECT ADDED ENTRY--TOPICAL TERM (OCLC, RLIN)
Topical term or geographic name as entry element COMMERCIAL PROPERTY-MARKET
942 ## - ADDED ENTRY ELEMENTS (KOHA)
Suppress in OPAC 0
Holdings
Withdrawn status Lost status Source of classification or shelving scheme Damaged status Not for loan Home library Current library Shelving location Date acquired Total Checkouts Full call number Barcode Date last seen Copy number Price effective from Koha item type
    Dewey Decimal Classification     London London News article 08/07/2004   WB4026-05 126740-1001 06/08/2019 1 06/08/2019 News article